Nachbarländer Russland - Statistiken

Allgemein
  • Dieses Quiz wurde 94 mal gespielt
  • Das Durchschnittsergebnis liegt bei 13 aus 14
Antwortstatistiken
Antwort % Korrekt
Ukraine
100%
Mongolei
99%
China
98%
Estland
98%
Kasachstan
98%
Lettland
98%
Finnland
96%
Belarus
95%
Litauen
94%
Georgien
91%
Nordkorea
91%
Polen
87%
Aserbaidschan
82%
Norwegen
80%
Keine übereinstimmenden Quizze gefunden
Verteilung der Resultate
Anzahl Personen mit jedem Resultat
Perzentil nach korrekt beantworteten Fragen
Ihre Resultats-Entwicklung
Sie haben dieses Quiz noch nicht gespielt